UK Commercial Forecast July 2002 (Record no. 70877)
[ view plain ]
| 000 -LEADER | |
|---|---|
| fixed length control field | 00913cam a2200181 4500 |
| 001 - CONTROL NUMBER | |
| control field | WB3828-01 |
| 008 - FIXED-LENGTH DATA ELEMENTS--GENERAL INFORMATION | |
| fixed length control field | 020801n2002 000 0 eng u |
| 035 ## - SYSTEM CONTROL NUMBER | |
| System control number | (Sirsi) u119152 |
| 245 ## - TITLE STATEMENT | |
| Title | UK Commercial Forecast July 2002 |
| 260 ## - PUBLICATION, DISTRIBUTION, ETC. | |
| Date of publication, distribution, etc. | 2002 |
| 490 ## - SERIES STATEMENT | |
| Series statement | RICS Economic Forecasts |
| Volume/sequential designation | 30 July 2002, (1) |
| 520 ## - SUMMARY, ETC. | |
| Summary, etc. | RICS Policy Unit reports that demand for commercial property remains weak, and is set for a slow recovery. Retail sector set to outperform office and industrial sectors in terms of rental growth. Stockmarket falls may see investor sentiment swing in favour of commercial property. For PDF of full report www.rics.org/downloads/Comm_Forecast_Jul_2002.pdf www.rics.org/ricscms/bin/show?class=EconomicForecasts&template=/includes/showeconomicforecasts.html&id=12 |
| 590 ## - LOCAL NOTE (RLIN) | |
| Local note | WB |
| 650 ## - SUBJECT ADDED ENTRY--TOPICAL TERM | |
| Topical term or geographic name entry element | FORECASTS |
| 650 ## - SUBJECT ADDED ENTRY--TOPICAL TERM | |
| Topical term or geographic name entry element | ECONOMIC FORECASTS |
| 690 ## - LOCAL SUBJECT ADDED ENTRY--TOPICAL TERM (OCLC, RLIN) | |
| Topical term or geographic name as entry element | PROPERTY-COMMERCIAL PROPERTY |
| 942 ## - ADDED ENTRY ELEMENTS (KOHA) | |
| Suppress in OPAC | 0 |
| Withdrawn status | Lost status | Source of classification or shelving scheme | Damaged status | Not for loan | Home library | Current library | Shelving location | Date acquired | Total Checkouts | Full call number | Barcode | Date last seen | Copy number | Price effective from | Koha item type |
|---|---|---|---|---|---|---|---|---|---|---|---|---|---|---|---|
| Dewey Decimal Classification | London | London | News article | 01/08/2002 | WB3828-01 | 119152-1001 | 06/08/2019 | 1 | 06/08/2019 | News article |